Estadísticas para Canciones más escuchadas de Bad Gyal en Spotify

Haz click aquí para intentar la prueba.

Estadísticas generales

  • Esta prueba ha sido intentada 66 veces
  • La puntuación promedio es 11 de 20

Estadísticas de respuestas

ReproduccionesCanciones% Correcto
153 millonesFiebre
94%
67 millonesChulo
86%
61 millonesZorra
72%
138 millonesAlocao
66%
286 millonesChulo pt 2
66%
43 millonesNueva York (Toto)
66%
71 millonesBlin Blin
60%
32 millonesFlow 2000
60%
39 millonesSanta María
60%
41 millonesHookah
52%
36 millonesTu Eres Un Bom Bom (Remix)
50%
33 millones44
48%
55 millonesLa Prendo
44%
33 millonesSu Payita (Gramos)
44%
38 millonesZorra (Remix)
40%
103 millonesKÁRMIKA
38%
38 millonesMi Lova
36%
33 millonesReal G
32%
28 millonesBOBO
26%
43 millonesFlow 2000 (Remix)
24%

Distribución de puntuación

Porcentaje por número respondido

Porcentaje de gente con cada puntuación

Historial de tus puntuaciones

No has intentado esta prueba.